[Event "Toronto Canada Day op"]
[Site "Toronto"]
[Date "2002.06.30"]
[Round "4"]
[White "Johnson, Chris FA"]
[Black "Ellis, Joe T"]
[Result "1-0"]
[WhiteElo "1996"]
[BlackElo "1960"]
[PlyCount "73"]
[EventDate "2002.06.29"]
[EventType "swiss"]
[EventRounds "6"]
[EventCountry "CAN"]
[SourceTitle "EXT 2022"]
[Source "ChessBase"]
[SourceDate "2021.10.06"]
[SourceVersion "1"]
[SourceVersionDate "2021.10.06"]
[SourceQuality "1"]

1. f4 Nf6 2. b3 c5 3. e3 d5 4. Nf3 Nc6 5. Bb5 Bd7 6. Bxc6 Bxc6 7. 0-0 e6 8. Bb2 Be7 9. Qe1 0-0 10. d3 Rc8 11. Nbd2 b5 12. Ne5 Ba8 13. a4 a6 14. axb5 axb5 15. Rf3 c4 16. Bd4 cxd3 17. cxd3 Bb4 18. Qd1 Qc7 19. Rg3 Qc2 20. Ng4 Qxd1+ 21. Rxd1 Nxg4 22. Rxg4 f6 23. Nf3 Bc3 24. Bxc3 Rxc3 25. Nd4 e5 26. Nxb5 Rxb3 27. Nc7 Ra3 28. f5 Ra7 29. Rc1 Rc8 30. Rxg7+ Kh8 31. Re7 Kg8 32. Kf1 d4 33. e4 Ra3 34. Re8+ Rxe8 35. Nxe8 Kf7 36. Nc7 Bb7 37. Nb5 1-0